Widok standardowy
Widok MARC
Pozycja Personal Name
Liczba rekordów, w których użyto hasła: 1
001 - Numer kontrolny
- control field: 40319
003 - Identyfikator numeru kontrolnego
- control field: NUKAT
005 - Data i czas ostatniej modyfikacji
- control field: 20260420062204.0
008 - Dane kontrolne kodowane (40 znaków)
- fixed length control field: 971111n||a|znnaabn |a aaa |c
010 ## - Numer kontrolny Biblioteki Kongresu
- numer kontrolny LC: n 97067162
024 7# - OTHER STANDARD IDENTIFIER
- Standard number or code: 19812332
- Source of number or code: viaf
024 7# - OTHER STANDARD IDENTIFIER
- Standard number or code: 0000000117485997
- Source of number or code: isni
024 7# - OTHER STANDARD IDENTIFIER
- Standard number or code: Q9376869
- Source of number or code: wikidata
040 ## - Instytucja sporządzająca rekord
- inst. przygot. dane do rek. khw: WR U/hp
- język haseł przedmiotowych/tezaurus: kaba
- inst. wprow. rek. khw: WR U/hp
- inst. modyf. rek. khw: KR U/LM
- inst. modyf. rek. khw: WA M/AW
- inst. modyf. rek. khw: KR U/PatrBW
- inst. modyf. rek. khw: PZ 001/ODs
100 1# - Hasło - nazwa osobowa
- nazwa osobowa w formie ujednoliconej: Sowiński, Wojciech
- daty biograficzne: (1805-1880).
400 1# - Trop zob. - nazwa osobowa
- nazwa osobowa (nazwisko, imiona): Sowiński, Albert.
400 1# - Trop zob. - nazwa osobowa
- nazwa osobowa (nazwisko, imiona): Sowiński, Albt.
400 1# - Trop zob. - nazwa osobowa
- nazwa osobowa (nazwisko, imiona): Sowinski, Albert.
400 1# - Trop zob. - nazwa osobowa
- nazwa osobowa (nazwisko, imiona): Sowinski, A.
670 ## - Źródło informacji
- źródło informacji: Kp. Słownik muzyków polskich dawnych i nowoczesnych / przez Alberta Sowińskiego. - Warszawa, 1982.
- gdzie znaleziono informację: S. 346 (Sowiński <Albert czyli Wojciech>).
670 ## - Źródło informacji
- źródło informacji: NEP. - 1995
670 ## - Źródło informacji
- źródło informacji: PB'1982 poz 5254
- gdzie znaleziono informację: (Sowiński, Albert)
670 ## - Źródło informacji
- źródło informacji: PseudPP. - 1994.
670 ## - Źródło informacji
- źródło informacji: Kp. Les charmes de la campagne : polonaises pastorales pour le piano : op. 11 / composeés par Albt Sowinski. - Bonn, [1845].
670 ## - Źródło informacji
- źródło informacji: Kp. La berceuse : air national polonais : Op. 73 / par Albert Sowinski. - Berlin, [ca 1880].
670 ## - Źródło informacji
- źródło informacji: Kp. Polnischer National-Gesang = Chant National Polonais : für das piano-forte : à 4 mains / [opracowanie] A. Sowinski. - London, [około 1850].